|
|
|
|
| LEADER |
00698nam a22001932a 4500 |
| 001 |
000549063 |
| 003 |
CZ BrMZK |
| 005 |
20000105143423.0 |
| 007 |
ta |
| 008 |
000105s1976 xo f slo d |
| 040 |
|
|
|a BOA001
|b cze
|
| 100 |
1 |
|
|a Absolon, Ľudovít,
|d 1909-1988
|7 ola2002139818
|
| 245 |
1 |
0 |
|a Fotografia I :
|b Technológia pre 1., 2. a 3. ročník odborných učilíšť a učňovských škol, učeb. odbor fotograf
|
| 250 |
|
|
|a 1. vyd.
|
| 260 |
|
|
|a Bratislava :
|b Slov. pedag. nakl.,
|c 1976
|
| 300 |
|
|
|a 482 s., obr. příl., 42 bar. obr. na příl.
|
| 910 |
|
|
|a BOA001
|b 2-0760.267
|
| 990 |
|
|
|a BK
|
| 996 |
7 |
|
|b 2619724009
|c 2-0760.267
|l MZK
|r Sklad / do 1 hodiny
|n 5
|w 000549063
|u 000010
|a 1
|e BOA001
|j MZK50
|s A
|